000 00916nam a2200277Ia 4500
003 OSt
005 20220930093028.0
006 a|||||r|||| 00| 0
007 ta
008 220926b |||||||| |||| 00| 0 eng d
024 _a28397
037 _cTheses
040 _aCRL
_cCRL
_beng
041 _2eng
_aeng
100 _aBajpai Devika
_9550428
110 _aUinversity of Delhi. Faculty of Science. Environmental Studies
_9550429
245 0 _aImpacts of agerathina adenophora, a neotropical invader, on aboveground patterns and belowground processes
260 _c2015
300 _a175
_ap.
_ccm.
650 _a NEOTROPICAL INVADER
_9550430
650 _aAGERATINA ADENOPHORA
_9550431
700 _a Singh Inderjit Gu.
_9546724
700 _aUinversity of Delhi. Faculty of Science. Environmental Studies
_9550432
942 _cDIS
_2CC
999 _c884690
_d884690